[Event "Bor"]
[Site "Bor"]
[Date "1984.??.??"]
[Round "?"]
[White "Ivkov, Borislav"]
[Black "Kudrin, Sergey"]
[Result "1-0"]
[WhiteElo "2475"]
[BlackElo "2550"]

1.Nf3 c5 2.c4 b6 3.g3 Bb7 4.Bg2 Nf6 5.O-O g6 6.b3 Bg7 7.Bb2 O-O 8.Nc3 a6
9.d4 cxd4 10.Nxd4 Bxg2 11.Kxg2 Qc7 12.e4 e6 13.Qf3 Nc6 14.Nxc6 dxc6 15.Na4 Nd7
16.Bxg7 Kxg7 17.Rad1 Rad8 18.Qe3 c5 19.Qf4 Qb8 20.Rd6 b5 21.Nc3 Nf6 22.Rfd1 Rxd6
23.Rxd6 b4 24.Nd5 Nxd5 25.cxd5 exd5 26.Qe5+ Kg8 27.Qxd5 Qb5 28.h4 Qe2 29.h5 Qxh5
30.Qxh5 gxh5 31.Rc6 f5 32.Rxc5 fxe4 33.Rc4 h4 34.gxh4 Rf4 35.Rxb4 Rxh4 36.Kg3 Rh5
37.Rxe4 Ra5 38.a4 Rc5 39.b4 Rc3+ 40.Re3 Rc4 41.Rb3 Kf7 42.b5 axb5 43.axb5 Rc7
44.b6 Rb7 45.f4 Ke6 46.Rb5 Kd6 47.f5 Kc6 48.Rb1 Rg7+ 49.Kf4 Kb7 50.f6 Rg2
51.Rb3 Rg6 52.Kf5  1-0

[Event "Brighton zt"]
[Site "Brighton"]
[Date "1984.??.??"]
[Round "?"]
[White "McNab, Colin Anderson"]
[Black "Short, Nigel D"]
[Result "1/2-1/2"]
[WhiteElo "2370"]
[BlackElo "2510"]

1.c4 c5 2.Nf3 Nf6 3.g3 b6 4.Bg2 Bb7 5.O-O g6 6.b3 Bg7 7.Bb2 O-O 8.Nc3 Na6
9.Rc1 d5 10.Nxd5 Nxd5 11.Bxg7 Kxg7 12.cxd5 Qxd5 13.d4 Rfd8  1/2-1/2

[Event "BCF-ch"]
[Site "Brighton"]
[Date "1984.??.??"]
[Round "4"]
[White "McNab, Colin Anderson"]
[Black "Short, Nigel D"]
[Result "0-1"]
[WhiteElo "2370"]
[BlackElo "2510"]

1.c4 Nf6 2.Nf3 b6 3.g3 c5 4.Bg2 Bb7 5.O-O g6 6.Nc3 Bg7 7.d4 cxd4 8.Nxd4 Bxg2
9.Kxg2 O-O 10.e4 a6 11.Be3 e6 12.Rc1 d6 13.f3 Qc7 14.Rf2 Nbd7 15.Rd2 Rfd8
16.b3 Rac8 17.Nde2 Bf8 18.Qg1 Qb8 19.a4 Be7 20.Nd4 Qb7 21.Qf1 Nc5 22.Rb1 d5
23.b4 Ncxe4 24.fxe4 Rxc4 25.Rb3 Ng4 26.Qe2 Nxe3+ 27.Qxe3 dxe4 28.b5 axb5
29.Ncxb5 e5 30.a5 exd4 31.Rxd4 Rcxd4 32.Nxd4 Bc5  0-1

[Event "Bundesliga 8384"]
[Site "Germany"]
[Date "1984.??.??"]
[Round "?"]
[White "Ivkov, Borislav"]
[Black "Schussler, Harry"]
[Result "0-1"]
[WhiteElo "2460"]
[BlackElo "2485"]

1.Nf3 Nf6 2.c4 b6 3.g3 c5 4.Bg2 Bb7 5.O-O g6 6.b3 Bg7 7.Bb2 O-O 8.Nc3 d5
9.Nxd5 Nxd5 10.Bxg7 Kxg7 11.cxd5 Qxd5 12.d4 cxd4 13.Qxd4+ Qxd4 14.Nxd4 Bxg2
15.Kxg2 Rc8 16.Rac1 Na6 17.a3 Nc5 18.Rc3 Rd8 19.e3 Rd7 20.Rfc1 e5 21.Nf3 Kf6
22.b4 Ne6 23.Rc4 Rd5 24.h4 a5 25.Rc6 axb4 26.axb4 Rb5 27.Ng5 Rxb4 28.Rd1 Ra7
29.Nxe6 fxe6 30.Rdd6 Re7 31.Rxb6 Rxb6 32.Rxb6 h5 33.f3 Ra7 34.g4 hxg4 35.fxg4 Ra1
36.Rb7 g5 37.h5 e4 38.h6 Ra8 39.h7 Rh8 40.Kf2 Kg6 41.Re7 Kf6 42.Ra7 Kg6 43.Ke2 Rxh7
44.Rxh7 Kxh7 45.Kd2 Kg6 46.Kc3 Kf7 47.Kc4 Ke7 48.Kd4 Kd7 49.Ke5 Ke7 50.Kxe4 Kd6
51.Kd4 e5+ 52.Kc4 Kc6 53.e4  0-1

[Event "Bundesliga 8384"]
[Site "Germany"]
[Date "1984.??.??"]
[Round "?"]
[White "Budde, Vladimir"]
[Black "Miles, Anthony J"]
[Result "0-1"]
[WhiteElo "2360"]
[BlackElo "2615"]

1.Nf3 Nf6 2.c4 b6 3.g3 c5 4.Bg2 Bb7 5.O-O g6 6.b3 Bg7 7.Bb2 O-O 8.Nc3 Na6
9.d4 cxd4 10.Nxd4 Bxg2 11.Kxg2 Nc5 12.Nc2 Qb8 13.f3 h5 14.Rb1 e6 15.e4 Rd8
16.Qe2 d6 17.Ne3 h4 18.g4 g5 19.Ncd1 Qb7 20.Nf2 Nh7 21.Bxg7 Kxg7 22.Nh3 Nd7
23.Qb2+ Ne5 24.Rbd1 Qe7 25.f4 gxf4 26.Rxf4 f6 27.Qd4 Rd7 28.Rdf1 Rf8 29.R4f2 Ng6
30.Kh1 Kg8 31.Nf4 Nxf4 32.Rxf4 Qg7 33.Qd3 Qg5 34.Nc2 Qe5 35.R4f2 Ng5 36.Re1 h3
37.Qd4 Kg7 38.Qe3 b5 39.cxb5 Rc8 40.Nd4 Nxe4 41.Rfe2 Ng5 42.Qxe5 dxe5 43.Nc6 a6
44.a4 axb5 45.axb5 Rb7 46.Ra2 Rxb5 47.Ra7+ Kh6 48.Rf1 Rf8 49.b4 Rd5 50.Rc7 Rd2  0-1

[Event "Bundesliga 8384"]
[Site "Germany"]
[Date "1984.??.??"]
[Round "?"]
[White "Borik, Otto"]
[Black "Ostermeyer, Peter"]
[Result "1/2-1/2"]
[WhiteElo "2380"]
[BlackElo "2465"]

1.Nf3 Nf6 2.c4 b6 3.g3 Bb7 4.Bg2 c5 5.O-O g6 6.b3 Bg7 7.Bb2 O-O 8.Nc3 Na6
9.Rc1 Qb8 10.d4 cxd4 11.Qxd4 Nc5 12.Nd5 Bxd5 13.cxd5 Nh5 14.Qd2 Ne4 15.Qc2 Bxb2
16.Qxb2 f5 17.Qe5 Qd6 18.Qxd6 Nxd6 19.Rc7 Nf6 20.Ne5 Rfd8 21.Rfc1 a5 22.h3 a4
23.b4 a3 24.R7c3 Nde4 25.Bxe4 fxe4 26.Rd1 Rdc8 27.Rc4 Rxc4 28.Nxc4 Ra4 29.d6 Rxb4
30.Nxa3 Ra4 31.Nb5 Rxa2 32.dxe7 Kf7 33.Nd6+ Kxe7 34.Nc8+ Kd8 35.Nxb6 Rxe2
36.Rd6 Ke7 37.Nc8+ Kf7 38.Nb6 e3 39.fxe3 Rc2 40.Nxd7 Ne4 41.Ne5+ Ke7 42.Rc6 Rxc6
43.Nxc6+ Kd6 44.Nd4 Nxg3 45.Kf2 Ne4+ 46.Kf3 Nf6 47.Kf4 Nd5+ 48.Kf3  1/2-1/2

[Event "Hamburg op"]
[Site "Hamburg"]
[Date "1984.??.??"]
[Round "1"]
[White "Szekely, Peter"]
[Black "Polajzer, Danilo"]
[Result "1/2-1/2"]
[WhiteElo "2440"]
[BlackElo "2285"]

1.Nf3 Nf6 2.c4 c5 3.g3 b6 4.Bg2 Bb7 5.O-O g6 6.b3 Bg7 7.Bb2 O-O 8.Nc3 Na6
9.d4 d5 10.dxc5 Nxc5 11.Nxd5 Nxd5 12.Bxg7 Kxg7 13.cxd5 Qxd5 14.Qc2 Qf5 15.Qxf5 gxf5
16.Nd4 Bxg2 17.Kxg2 Kf6 18.Rfd1 Rfd8 19.Nb5 a6 20.Nc7 Rxd1 21.Rxd1 Rb8 22.b4 Ne4
23.Nd5+ Ke6 24.Nf4+ Kf6 25.Nd5+ Ke6 26.Nf4+ Kf6 27.Rc1 e6 28.Rc6 Kg7 29.f3 Nf6
30.Rc7 e5 31.Nd3 Nd5 32.Rd7 Ne3+ 33.Kf2 Nc4 34.Ra7 e4 35.fxe4 fxe4 36.Nf4 a5
37.bxa5 bxa5 38.Rc7 Ne5 39.Rc5 Ng4+ 40.Kg2 Ne3+ 41.Kf2 Ng4+ 42.Kg2 Ne3+  1/2-1/2

[Event "ISR-ch"]
[Site "?"]
[Date "1984.??.??"]
[Round "?"]
[White "Gutman, Lev"]
[Black "Greenfeld, Alon"]
[Result "0-1"]
[WhiteElo "2480"]
[BlackElo "2470"]

1.Nf3 Nf6 2.g3 b6 3.Bg2 Bb7 4.O-O c5 5.c4 g6 6.Nc3 Bg7 7.d4 cxd4 8.Nxd4 Bxg2
9.Kxg2 Qc7 10.b3 Nc6 11.Nc2 a6 12.e4 O-O 13.Qe2 Qb7 14.f3 b5 15.Rb1 Rfc8
16.Bf4 Ne8 17.Qd2 d6 18.a4 Nc7 19.Nd5 Nxd5 20.exd5 Ne5 21.Nd4 bxc4 22.bxc4 Qd7
23.Bxe5 dxe5 24.Nb3 Rxc4 25.Rfc1 Rxc1 26.Rxc1 Qxa4 27.Nc5 Qd4 28.Qa2 Bh6
29.Rc2 Be3 30.Ne4 Kg7 31.Qa3 Qd1 32.Rb2 Qg1+ 33.Kh3 Qf1+  0-1

[Event "London"]
[Site "London"]
[Date "1984.??.??"]
[Round "?"]
[White "Andersson, Ulf"]
[Black "Polugaevsky, Lev"]
[Result "0-1"]
[WhiteElo "2630"]
[BlackElo "2615"]

1.Nf3 Nf6 2.c4 b6 3.g3 c5 4.Bg2 Bb7 5.O-O g6 6.b3 Bg7 7.Bb2 O-O 8.Nc3 e6
9.d4 d5 10.cxd5 exd5 11.Rc1 Na6 12.e3 Qe7 13.Re1 Rfd8 14.dxc5 bxc5 15.Re2 Ne4
16.Ne1 Rac8 17.Na4 Bxb2 18.Rxb2 c4 19.Rbb1 Nb4 20.Ra1 Qf6 21.f3 Nd6 22.Qd2 a5
23.a3 Nc6 24.Rab1 cxb3 25.Rxb3 Nc4 26.Qf2 Qe7 27.Nd3 Ba8 28.Nf4 N6e5 29.Rd1 Bc6
30.Nc3 a4 31.Rb4 Qc5 32.Nfxd5 Bxd5 33.Rb5 Qxa3 34.Nxd5 Nd3 35.Qe2 Ncb2 36.Rf1 Rc5
37.Rxc5 Qxc5 38.Nf6+ Kg7 39.Ne4 Qb4 40.Qc2 a3 41.Qc6 Qe7 42.Qc3+ f6 43.g4 Na4
44.Qb3 Qa7 45.Qe6 Rf8 46.g5 fxg5 47.Kh1 Nac5 48.Nxc5 Nxc5 49.Qe5+ Kh6 50.h4 gxh4
51.Qd4 Qe7 52.f4 Rd8 53.Bd5 Qd6  0-1

[Event "Lvov"]
[Site "Lvov"]
[Date "1984.??.??"]
[Round "11"]
[White "Giorgadze, Tamaz"]
[Black "Eingorn, Vereslav S"]
[Result "1/2-1/2"]
[WhiteElo "2495"]
[BlackElo "2475"]

1.Nf3 Nf6 2.c4 b6 3.g3 c5 4.Bg2 Bb7 5.O-O g6 6.b3 Bg7 7.Bb2 O-O 8.Nc3 Na6
9.Rc1 d5 10.Nxd5 Nxd5 11.Bxg7 Kxg7 12.cxd5 Qxd5 13.d4 cxd4 14.Qxd4+ Qxd4
15.Nxd4 Bxg2 16.Kxg2 Rfd8 17.Rfd1 Rac8 18.Nb5 Rxd1 19.Rxc8 Rd2 20.a3 Nc5
21.b4 Na4 22.Ra8 Rxe2 23.Rxa7 Nb2 24.Rd7 Re1 25.Nc3 Nc4 26.a4 Rc1 27.Nd5 e6
28.Nc7 Kf8 29.Na8 Rb1 30.b5 Rb4  1/2-1/2

[Event "Naleczow"]
[Site "Naleczow"]
[Date "1984.??.??"]
[Round "?"]
[White "Bany, Jerzy"]
[Black "Gavrikov, Viktor"]
[Result "1/2-1/2"]
[WhiteElo "2460"]
[BlackElo "2505"]

1.Nf3 Nf6 2.c4 c5 3.g3 b6 4.Bg2 Bb7 5.O-O g6 6.b3 Bg7 7.Bb2 O-O 8.Nc3 Na6
9.Rc1 d5 10.Nxd5 Nxd5 11.Bxg7 Kxg7 12.cxd5 Qxd5 13.d4 Rfd8 14.dxc5 Nxc5 15.Qxd5 Bxd5
16.Rfd1 Kf6 17.Nd4 Bxg2 18.Kxg2 Rac8 19.Nb5 Rxd1 20.Rxd1 a6 21.Nc3 Ke6 22.Nd5  1/2-1/2

[Event "New York op"]
[Site "New York"]
[Date "1984.??.??"]
[Round "2"]
[White "Frumkin, Edward"]
[Black "Olafsson, Helgi"]
[Result "0-1"]
[WhiteElo "2215"]
[BlackElo "2445"]

1.c4 c5 2.Nf3 Nf6 3.g3 b6 4.Bg2 Bb7 5.O-O g6 6.b3 Bg7 7.Bb2 O-O 8.Nc3 Na6
9.a3 e6 10.Qc2 d5 11.cxd5 exd5 12.d4 Qe7 13.Rfd1 Rac8 14.e3 Nc7 15.Rac1 Ne6
16.Qb1 Rfd8 17.Qa2 h5 18.Qb1 Bh6 19.Qd3 Ne4 20.Ne2 Re8 21.Nd2 cxd4 22.Nxd4 N6c5
23.Qb1 Nxf2  0-1

[Event "New York op"]
[Site "New York"]
[Date "1984.??.??"]
[Round "6"]
[White "Benko, Pal C"]
[Black "Larsen, Bent"]
[Result "1/2-1/2"]
[WhiteElo "2450"]
[BlackElo "2565"]

1.c4 Nf6 2.Nf3 b6 3.g3 Bb7 4.Bg2 c5 5.O-O g6 6.b3 Bg7 7.Bb2 O-O 8.Nc3 Na6
9.d4 cxd4 10.Nxd4 Bxg2 11.Kxg2 Nc5 12.f3 Qb8 13.e4 a6 14.Qe2 Re8 15.Rfd1 e6
16.Nc2 d6 17.Ne3 Qc7 18.Rac1 Rab8 19.Rc2 Red8 20.Rcd2 Ne8 21.Nb1 Bh6 22.Rc2 Nd7
23.Ng4 Bg7 24.Bxg7 Kxg7 25.Nc3 h5 26.Ne3 Qc5 27.Qd2 Ne5 28.f4 Ng4 29.Nxg4 hxg4
30.Qd4+ Qxd4 31.Rxd4 b5 32.cxb5 axb5 33.Nd1 Rdc8 34.Rdd2 f5 35.Nf2 Kf8 36.exf5 gxf5
37.h3 gxh3+ 38.Nxh3 Ke7 39.Ng5 Kd7 40.Nf3 Rxc2 41.Rxc2 Nf6 42.Nd4 Ne4 43.Kf3 d5
44.Nc6 Rg8 45.Ne5+ Kd6 46.Rc6+ Ke7 47.g4 fxg4+ 48.Nxg4 Nd2+ 49.Kg3 d4 50.Rc1 Ne4+
51.Kf3 Nc3 52.Ne5 Kd6 53.Rh1 Rf8 54.Rh7 Nd5 55.Rd7+ Kc5 56.Nd3+ Kc6 57.Ne5+ Kc5
58.Nd3+  1/2-1/2

[Event "Pernik"]
[Site "Pernik"]
[Date "1984.??.??"]
[Round "3"]
[White "Szekely, Peter"]
[Black "Lau, Ralf"]
[Result "1-0"]
[WhiteElo "2430"]
[BlackElo "2375"]

1.Nf3 Nf6 2.c4 c5 3.g3 b6 4.Bg2 Bb7 5.O-O g6 6.b3 Bg7 7.Bb2 O-O 8.Nc3 d6
9.d4 cxd4 10.Nxd4 Bxg2 11.Kxg2 d5 12.cxd5 Nxd5 13.Ndb5 Nxc3 14.Bxc3 Bxc3
15.Nxc3 Nc6 16.Rc1 Rc8 17.Qd5 Qxd5+ 18.Nxd5 Kg7 19.Rfd1 Rfd8 20.Rd3 g5 21.Nxb6 axb6
22.Rxd8 Rxd8 23.Rxc6 Rd2 24.a3 Ra2 25.a4 b5 26.axb5 Rxe2 27.Rc4 Re6 28.Kf3 Rb6
29.Rc5 h6 30.Ke4 Kf8 31.Kd4 Ke8 32.Kc4 Kd7 33.Kb4 Kd6 34.Rc3 e6 35.Ka5 Rb8
36.b6 Ra8+ 37.Kb5 Rh8 38.Ka6 Ra8+ 39.Kb7 Ra5 40.Kb8  1-0

[Event "POL-ch"]
[Site "Poznan"]
[Date "1984.??.??"]
[Round "8"]
[White "Zolnierowicz, Krzysztof"]
[Black "Pokojowczyk, Jerzy"]
[Result "0-1"]
[WhiteElo "2330"]
[BlackElo "2370"]

1.Nf3 Nf6 2.c4 c5 3.g3 b6 4.Bg2 Bb7 5.O-O g6 6.Nc3 Bg7 7.d4 cxd4 8.Nxd4 Bxg2
9.Kxg2 O-O 10.e4 Qc7 11.Qe2 Nc6 12.Ndb5 Qb7 13.Nd5 a6 14.Nbc3 d6 15.Be3 Nd7
16.Rac1 e6 17.Nf4 Nc5 18.f3 Rae8 19.Qd2 Rd8 20.Nfe2 f5 21.exf5 Ne5 22.b3 Ncd3
23.Rcd1 Nxf3 24.Rxf3 Ne5 25.Nd4 Nxf3 26.Nxf3 Rxf5 27.Bf4 g5 28.Qd3 gxf4 29.Nd5 fxg3
30.hxg3 Rdf8  0-1

[Event "Rome"]
[Site "Rome"]
[Date "1984.??.??"]
[Round "5"]
[White "Nikolac, Juraj"]
[Black "Tatai, Stefano"]
[Result "1/2-1/2"]
[WhiteElo "2465"]
[BlackElo "2430"]

1.Nf3 c5 2.g3 b6 3.Bg2 Bb7 4.O-O Nf6 5.c4 g6 6.Nc3 Bg7 7.d4 cxd4 8.Qxd4 O-O
9.Qh4 d6 10.Bg5 Nbd7 11.Rac1 Re8 12.b3 Rc8 13.Bh6 Rc5 14.Bxg7 Kxg7 15.Rfd1 Qc8
16.Qd4 Kg8 17.e4 a6 18.a4 b5 19.Nd2 bxc4 20.Nxc4 Qc7 21.Ne2 Rc8 22.Rb1 d5
23.exd5 Bxd5 24.Bxd5 Rxd5 25.Qe3 Nc5 26.Rxd5 Nxd5 27.Qf3 e6 28.Rc1 Nb4 29.Ne3 Nbd3
30.Rc3 Qd8 31.Nc2 e5 32.Qe3 e4 33.Qd4 Qe8 34.Ne3 Rd8 35.Nd5 Nd7 36.Rc7  1/2-1/2

[Event "Kamen Piskov mem 4"]
[Site "Ruse"]
[Date "1984.??.??"]
[Round "6"]
[White "Lalev, Dimitar"]
[Black "Spiridonov, Nikola"]
[Result "1/2-1/2"]
[WhiteElo "2420"]
[BlackElo "2445"]

1.Nf3 Nf6 2.g3 b6 3.Bg2 Bb7 4.O-O c5 5.c4 g6 6.b3 Bg7 7.Bb2 O-O 8.Nc3 d6
9.d3 Nbd7 10.e4 Ne5 11.Ne1 Nfd7 12.Qd2 Nc6 13.Ne2 Bxb2 14.Qxb2 e5 15.Nc2 a6
16.Ne3 b5 17.Bh3 Nd4 18.Nd5 Bxd5 19.cxd5 Nxe2+ 20.Qxe2  1/2-1/2

[Event "Sarajevo"]
[Site "Sarajevo"]
[Date "1984.??.??"]
[Round "?"]
[White "Dizdar, Goran"]
[Black "Djuric, Stefan"]
[Result "0-1"]
[WhiteElo "2465"]
[BlackElo "2500"]

1.Nf3 Nf6 2.g3 b6 3.Bg2 Bb7 4.O-O c5 5.c4 g6 6.Nc3 Bg7 7.d4 cxd4 8.Nxd4 Bxg2
9.Kxg2 Qc8 10.b3 Qb7+ 11.f3 d5 12.cxd5 Nxd5 13.Nxd5 Qxd5 14.Be3 Nc6 15.Nxc6 Qxc6
16.Rc1 Qb5 17.Rc7 O-O 18.Qc2 Rfd8 19.Rd1 Rxd1 20.Qxd1 Bf6 21.Bh6 Qe8 22.Qd7 Qxd7
23.Rxd7 b5 24.Kf1 a6 25.e4 Bg7 26.Be3 Bf6 27.Ke2 h5 28.f4 e5 29.Kd3 Kg7 30.Bb6 Rc8
31.Bc7 exf4 32.e5 Bg5 33.e6 fxg3 34.hxg3 Kf6 35.e7 Re8 36.Bd6 Ke6  0-1

[Event "Smederevska Palanka"]
[Site "Smederevska Palanka"]
[Date "1984.??.??"]
[Round "?"]
[White "Cabrilo, Goran"]
[Black "Horvath, Tamas"]
[Result "1-0"]
[WhiteElo "2430"]
[BlackElo "2440"]

1.c4 c5 2.Nf3 Nf6 3.g3 b6 4.Bg2 Bb7 5.O-O g6 6.d4 cxd4 7.Qxd4 Bg7 8.Nc3 O-O
9.Qh4 d6 10.Bh6 Nbd7 11.b3 Rc8 12.Rad1 Rc5 13.Ng5 Bxg2 14.Kxg2 a6 15.Nd5 b5
16.e4 e6 17.Ne3 Qa8 18.f3 bxc4 19.Rxd6 Ne5 20.Bxg7 Kxg7 21.f4 h6 22.fxe5 Rxe5
23.Qf4 Rxg5 24.Qxf6+ Kg8 25.Nxc4 Qxe4+ 26.Qf3 Qc2+ 27.Rf2 Qb1 28.Rd1  1-0

[Event "Smederevska Palanka"]
[Site "Smederevska Palanka"]
[Date "1984.??.??"]
[Round "?"]
[White "Kirov, Nino"]
[Black "Adamski, Jan"]
[Result "1/2-1/2"]
[WhiteElo "2455"]
[BlackElo "2460"]

1.Nf3 Nf6 2.g3 b6 3.Bg2 Bb7 4.O-O g6 5.c4 c5 6.Nc3 Bg7 7.d4 Ne4 8.Nd5 Nc6
9.Qd3 f5 10.dxc5 bxc5  1/2-1/2

[Event "Tatran Cup"]
[Site "Stary Smokovec"]
[Date "1984.??.??"]
[Round "11"]
[White "Drasko, Milan"]
[Black "Stohl, Igor"]
[Result "1/2-1/2"]
[WhiteElo "2480"]
[BlackElo "2455"]

1.Nf3 Nf6 2.c4 b6 3.g3 c5 4.Bg2 Bb7 5.O-O g6 6.b3 Bg7 7.Bb2 O-O 8.Nc3 Na6
9.Rc1 d5 10.Nxd5 Nxd5 11.Bxg7 Kxg7 12.cxd5 Qxd5 13.d4 Rfd8  1/2-1/2

[Event "CSR-ch"]
[Site "Sumperk"]
[Date "1984.??.??"]
[Round "17"]
[White "Vokac, Marek"]
[Black "Ftacnik, Lubomir"]
[Result "0-1"]
[WhiteElo "2335"]
[BlackElo "2570"]

1.Nf3 Nf6 2.c4 c5 3.g3 b6 4.Bg2 Bb7 5.O-O g6 6.b3 Bg7 7.Bb2 O-O 8.Nc3 e6
9.d4 Na6 10.dxc5 bxc5 11.Rc1 Qe7 12.Re1 Rfd8 13.Ne5 d5 14.Qc2 d4 15.Na4 Bxg2
16.Kxg2 Qb7+ 17.f3 h5 18.Rcd1 Ng4 19.Nxg4 hxg4 20.Ba3 Rac8 21.h3 gxf3+ 22.exf3 Re8
23.h4 f5 24.Re2 e5 25.Rde1 Re6 26.Kf2 Qc6 27.h5 Rce8 28.hxg6 e4 29.Nb2 d3
30.Nxd3 Bd4+ 31.Kf1 exd3 32.Qxd3 Rxe2 33.Rxe2 Rxe2 34.Qxe2 Nc7 35.Kg2 Qxg6
36.Bc1 Ne6 37.f4 Ng7 38.Bd2 Nh5 39.Qf3 Nf6 40.Qa8+ Qe8 41.Qxe8+ Nxe8 42.Kf3 Nf6
43.Ba5 Kf7 44.Bc7 Ke6 45.Bb8 a6 46.Ba7 Kd7 47.Bb6 Kc6 48.Ba5 Kd6 49.Bb6 Bc3
50.Bd8 Ke6 51.Bc7 Bb4 52.Be5 Ne4 53.Bb2 Bc3 54.Bc1 Bd4 55.g4 Nc3 56.a3 Na2
57.gxf5+ Kxf5 58.Be3 Bxe3 59.Kxe3 a5 60.Kd2 Kxf4 61.Kc2 Ke3 62.Kb2 Nb4 63.Kc3 Ke2
64.axb4 axb4+  0-1

[Event "URS-ch sf"]
[Site "Sverdlovsk"]
[Date "1984.??.??"]
[Round "?"]
[White "Petrosian, Arshak B"]
[Black "Yudasin, Leonid"]
[Result "1/2-1/2"]
[WhiteElo "2470"]
[BlackElo "2460"]

1.Nf3 Nf6 2.c4 c5 3.g3 b6 4.Bg2 Bb7 5.O-O g6 6.Nc3 Bg7 7.d4 cxd4 8.Nxd4 Bxg2
9.Kxg2 Qc7 10.b3 O-O 11.Bb2 Qb7+ 12.Nf3 a6 13.Qd3 Nc6 14.Nd5 Nxd5 15.Bxg7 Ne3+
16.Qxe3 Kxg7 17.h4 h5 18.Rfd1 d6 19.Kg1 Rac8 20.Rd2 Rc7 21.Rad1 Rb8 22.Rd5 Qc8
23.Ng5 Nd8 24.Ne4 Ne6 25.g4 hxg4 26.h5 f5 27.Ng3 f4 28.Qc3+ Kh6 29.Qc1 Kg7
30.Qc3+ Kh6  1/2-1/2

[Event "URS-ch sf"]
[Site "Sverdlovsk"]
[Date "1984.??.??"]
[Round "?"]
[White "Veingold, Aleksandr"]
[Black "Kengis, Edvins"]
[Result "1/2-1/2"]
[WhiteElo "2430"]
[BlackElo "2445"]

1.Nf3 Nf6 2.c4 b6 3.g3 c5 4.Bg2 Bb7 5.O-O g6 6.Nc3 Bg7 7.d4 cxd4 8.Nxd4 Bxg2
9.Kxg2 O-O 10.e4 Qc7 11.Qe2 Nc6 12.Nxc6 dxc6 13.Bf4 Qb7 14.Rfd1 Rfd8 15.Rxd8+ Rxd8
16.Be5 Qc8 17.Rd1  1/2-1/2

[Event "Thessaloniki ol (Women)"]
[Site "Thessaloniki"]
[Date "1984.??.??"]
[Round "4"]
[White "Voiska, Margarita"]
[Black "Liu Shilan"]
[Result "1-0"]
[WhiteElo "2095"]
[BlackElo "2200"]

1.Nf3 Nf6 2.g3 b6 3.Bg2 Bb7 4.O-O c5 5.c4 g6 6.b3 Bg7 7.Bb2 O-O 8.Nc3 d5
9.Nxd5 Nxd5 10.Bxg7 Kxg7 11.cxd5 Qxd5 12.d4 Na6 13.dxc5 Nxc5 14.Qxd5 Bxd5
15.Rfd1 e6 16.Ne5 Bxg2 17.Kxg2 Rfd8 18.b4 Na6 19.a3 Kf6 20.f4 Nc7 21.Rac1 Ne8
22.Nc6 Rdc8 23.Rd7 Rc7 24.Rxc7 Nxc7 25.Ne5 Rc8 26.e4 Ke7 27.a4 a5 28.bxa5 bxa5
29.Rc5 Kd6 30.Rc6+ Ke7 31.Nc4 Kd7 32.Rc5 f6 33.e5 fxe5 34.Nb6+ Kd6 35.Rc1 Rd8
36.fxe5+ Kxe5 37.Rxc7 Kf6 38.h4 Rd2+ 39.Kf3 Rd3+ 40.Kf4  1-0

[Event "Valjevo"]
[Site "Valjevo"]
[Date "1984.??.??"]
[Round "8"]
[White "Simic, Radoslav"]
[Black "Kudrin, Sergey"]
[Result "1/2-1/2"]
[WhiteElo "2470"]
[BlackElo "2550"]

1.Nf3 c5 2.c4 b6 3.g3 Bb7 4.Bg2 Nf6 5.O-O g6 6.b3 Bg7 7.Bb2 O-O 8.Nc3 e6
9.d4 d5 10.cxd5 exd5 11.Rc1 Na6 12.e3 Qe7 13.Qc2 Rfd8 14.Rfd1 Rac8 15.Bh3 Rb8
16.Ne5 h5 17.Qe2 Nb4 18.a3 Nc6 19.Nxc6 Bxc6 20.a4 Bd7 21.Bxd7 Rxd7 22.Ba3 h4
23.Qf3 hxg3  1/2-1/2

[Event "URS-ch U20"]
[Site "Vilnius"]
[Date "1984.??.??"]
[Round "3"]
[White "Majorovas, Vitalijus"]
[Black "Kengis, Edvins"]
[Result "1/2-1/2"]
[WhiteElo "2420"]
[BlackElo "2445"]

1.Nf3 Nf6 2.c4 b6 3.g3 c5 4.Bg2 Bb7 5.O-O g6 6.b3 Bg7 7.Bb2 O-O 8.Nc3 Na6
9.d4 d5 10.Ne5 e6 11.cxd5 exd5 12.Rc1 Qe7 13.Nd3 Rfd8 14.dxc5 bxc5 15.Na4 Rac8
16.Ba3 Ne4 17.Qe1 Bh6 18.Rc2 Rc6 19.Qa5 Rdc8 20.Nc3 Nxc3 21.Rxc3  1/2-1/2

[Event "URS-ch U20"]
[Site "Vilnius"]
[Date "1984.??.??"]
[Round "7"]
[White "Pigusov, Evgeny"]
[Black "Kengis, Edvins"]
[Result "0-1"]
[WhiteElo "2460"]
[BlackElo "2445"]

1.Nf3 Nf6 2.g3 b6 3.Bg2 Bb7 4.c4 c5 5.O-O g6 6.b3 Bg7 7.Bb2 O-O 8.Nc3 Na6
9.d4 d5 10.dxc5 Nxc5 11.b4 Nce4 12.Nxe4 dxe4 13.Nd2 Qd6 14.a3 Rad8 15.Nb3 Qc7
16.Qc2 e3 17.f3 h5 18.c5 h4 19.f4 Bxg2 20.Kxg2 bxc5 21.Rf3 c4 22.Rc1 h3+
23.Kg1 Ng4 24.Bxg7 Kxg7 25.Nc5 Rd4 26.Nb3 Rd5 27.Nc5 Rfd8 28.Qxc4 Qc6 29.Nd3 Qxc4
30.Rxc4 Rxd3 31.exd3 Rxd3 32.Rc1 Rd2 33.Re1 Rg2+ 34.Kh1 Rxh2+ 35.Kg1 Rg2+
36.Kh1 e2  0-1

[Event "URS-ch U20"]
[Site "Vilnius"]
[Date "1984.??.??"]
[Round "8"]
[White "Majorovas, Vitalijus"]
[Black "Dvoirys, Semen I"]
[Result "1/2-1/2"]
[WhiteElo "2420"]
[BlackElo "2485"]

1.Nf3 Nf6 2.c4 c5 3.g3 b6 4.Bg2 Bb7 5.O-O g6 6.b3 Bg7 7.Bb2 O-O 8.Nc3 d5
9.Nxd5 Nxd5 10.Bxg7 Kxg7 11.cxd5 Qxd5 12.d4 cxd4 13.Qxd4+ Qxd4 14.Nxd4 Bxg2
15.Kxg2 Rc8 16.Rfc1 Na6 17.Nb5 Rc5 18.Rxc5 Nxc5 19.b4 Ne6 20.Rc1 a5 21.a3 axb4
22.axb4 Kf8 23.Rc6 Rb8 24.Rc4 Rd8 25.Nc3 Ke8 26.Rc6 Rd6 27.Rxd6 exd6 28.Nd5 b5
29.e4 h5 30.Kf3 Kd7 31.Ke3 Nd8 32.f4 Ke6 33.Nc7+ Kd7 34.Nd5 Ke6 35.Nc7+ Kd7
36.Nxb5 Nc6 37.f5 g5 38.h4 gxh4 39.gxh4 Nxb4 40.Kf4 f6 41.Nd4 d5 42.Ne2 Nd3+
43.Ke3 dxe4 44.Kxe4 Ne1 45.Nf4 Kd6 46.Ng6 Ng2 47.Kf3 Ne1+ 48.Ke2 Nc2 49.Kd3 Ne1+
50.Kd4 Nf3+ 51.Ke4 Nd2+ 52.Kf4 Nb3 53.Ke4 Nd2+ 54.Ke3 Nb3 55.Ke4  1/2-1/2

[Event "Vrnjacka Banja"]
[Site "Vrnjacka Banja"]
[Date "1984.??.??"]
[Round "?"]
[White "Simic, Radoslav"]
[Black "Vaisser, Anatoli"]
[Result "1/2-1/2"]
[WhiteElo "2485"]
[BlackElo "2475"]

1.Nf3 c5 2.c4 Nf6 3.g3 b6 4.Bg2 Bb7 5.O-O g6 6.b3 Bg7 7.Bb2 O-O 8.Nc3 d6
9.d4 Ne4 10.Qd3 Nxc3 11.Bxc3 cxd4 12.Nxd4 Bxg2 13.Kxg2 Qd7 14.Qf3  1/2-1/2

[Event "URS-ch sf"]
[Site "Aktjubinsk"]
[Date "1985.??.??"]
[Round "?"]
[White "Loginov, Valery A"]
[Black "Jailjan, M."]
[Result "1/2-1/2"]
[WhiteElo "2350"]
[BlackElo "2200"]

1.Nf3 Nf6 2.c4 b6 3.g3 Bb7 4.Bg2 c5 5.O-O g6 6.Nc3 Bg7 7.d4 cxd4 8.Nxd4 Bxg2
9.Kxg2 O-O 10.e4 Qc7 11.b3 Nc6 12.Bb2 a6 13.f3 e6 14.Re1 d6 15.Rc1 Qb7 16.Rc2 Rfd8
17.Nxc6 Qxc6 18.Qa1 Ne8 19.Nd1 Rac8 20.Ne3 h5 21.Bxg7 Nxg7 22.Rd2 b5 23.Red1 Qc5
24.Rd3 bxc4 25.Nxc4 Ne8 26.Qb2 Rc6 27.Qd2 Kg7 28.h4 Rc7 29.Kf1 Rcd7 30.Qg5 Qxg5
31.hxg5 Kf8 32.Ke2  1/2-1/2

[Event "Albena"]
[Site "Albena"]
[Date "1985.??.??"]
[Round "?"]
[White "Kirov, Nino"]
[Black "Vilela, Jose Luis"]
[Result "1-0"]
[WhiteElo "2470"]
[BlackElo "2430"]

1.Nf3 Nf6 2.g3 b6 3.Bg2 Bb7 4.O-O c5 5.c4 g6 6.Nc3 Bg7 7.d4 cxd4 8.Qxd4 Nc6
9.Qh4 h6 10.Nd4 Rc8 11.Rd1 g5 12.Nxc6 gxh4 13.Nxd8 Bxg2 14.Nxf7 Kxf7 15.Kxg2 Rxc4
16.a4 a6 17.Ra3 d6 18.Rb3 Nd7 19.Be3 Rhc8 20.Nd5 Rxa4 21.Bxb6 Nf6 22.Rf3 Ke6
23.Nf4+ Kd7 24.Bd4 Ra5 25.Re3 Nd5 26.Bxg7 Nxf4+ 27.gxf4 Rg8 28.Kf3 Rxg7 29.h3 Rb5
30.b3 Rb4 31.Red3 Rg8 32.Ra1 Rgb8 33.Ra3 h5 34.e3 Ke6 35.Rxa6 Rxb3 36.Rxb3 Rxb3
37.Ra5 d5 38.Ra6+ Kf7 39.Rh6 d4 40.Rxh5 d3 41.Rd5 e6 42.Rd8 Ke7 43.Rd4 Kf6
44.Kg4 Rb2 45.Rxd3 Rxf2 46.Kxh4 Re2 47.Kh5 Re1 48.Ra3 Re2 49.h4 Re1 50.Kh6 Rh1
51.Kh5 Re1 52.Rb3 Re2 53.Kg4 Re1 54.h5 Rg1+ 55.Kf3 Rh1 56.Rb5 Rh3+ 57.Kf2 Rh1
58.Rg5 Rh2+ 59.Kf3 Rh3+ 60.Ke4 Rh4 61.Rg6+ Kf7 62.Rh6 Rh3 63.Kd3 Rg3 64.Ke2 Rh3
65.e4 Ke7 66.e5 Rh4 67.Kf3 Rh1 68.Kg2 Rh4 69.Kg3 Rh1 70.Rh7+ Kf8 71.Kf3 Rh4
72.h6 Kg8 73.Rg7+ Kf8 74.Rg6 Kf7 75.Rf6+ Ke7 76.Kg3 Rh1 77.Kg4 Rg1+ 78.Kh5 Rh1+
79.Kg6 Rg1+ 80.Kh7 Rg4 81.Rg6 Rxf4 82.Rg7+ Kf8 83.Rg6 Ke7 84.Rg1 Kf7 85.Rc1 Rg4
86.Rb1 Rg5 87.Rb5 Rg4 88.Rc5 Rg5 89.Ra5 Rg1  1-0

[Event "Albena"]
[Site "Albena"]
[Date "1985.??.??"]
[Round "?"]
[White "Lechtynsky, Jiri"]
[Black "Yudasin, Leonid"]
[Result "1/2-1/2"]
[WhiteElo "2450"]
[BlackElo "2475"]

1.Nf3 Nf6 2.g3 b6 3.Bg2 Bb7 4.O-O c5 5.c4 g6 6.b3 Bg7 7.Bb2 O-O 8.Nc3 Na6
9.Rc1 e6 10.d4 d5 11.Ne5 Qb8 12.cxd5 cxd4 13.Qxd4 exd5 14.Bxd5 Nxd5 15.Nxd5 Qxe5
16.Ne7+ Kh8 17.Qxe5 Bxe5 18.Bxe5+ f6 19.Bd6 Rfe8 20.Rfd1 Rad8 21.Ba3 Kg7  1/2-1/2

[Event "Balatonbereny op"]
[Site "Balatonbereny"]
[Date "1985.??.??"]
[Round "8"]
[White "Bernei, Andras"]
[Black "Mokry, Karel"]
[Result "1/2-1/2"]
[WhiteElo "2295"]
[BlackElo "2455"]

1.Nf3 Nf6 2.c4 c5 3.g3 b6 4.Bg2 Bb7 5.O-O g6 6.Nc3 Bg7 7.d4 cxd4 8.Nxd4 Bxg2
9.Kxg2 Qc8 10.b3 Qb7+ 11.f3 d5 12.cxd5 Nxd5 13.Nxd5 Qxd5 14.Be3 Nc6 15.Nxc6 Qxc6
16.Rc1 Qe6 17.Qd3 O-O 18.Rfd1 Rac8 19.Rxc8 Rxc8 20.Qd7 Be5 21.Qxe6 fxe6 22.Rd7 Rc7
23.Rxc7 Bxc7 24.Bd4 Kf7 25.Kf2 e5 26.Bc3 Ke6 27.Ke3 Kd5 28.Kd3 Bd6 29.e4+ Kc6
30.Bd2  1/2-1/2